Norwich City Best Scorer By Year - Statistics

General Stats
  • This quiz has been taken 161 times
  • The average score is 3 of 23
Answer Stats
Player % Correct
Teemu Pukki
98%
Grant Holt
43%
Chris Sutton
34%
Dean Ashton
17%
Gary Hooper
14%
Dieumerci Mbokani
13%
Mark Robins
13%
Robert Snodgrass
13%
Justin Fashanu
12%
Leon McKenzie
9%
Martin Peters
9%
Robert Fleck
9%
Ashley Ward
8%
Damien Francis
8%
Dale Gordon
6%
John Deehan
5%
Kevin Drinkell
5%
Ted MacDougall
5%
Mark Bowen
3%
David Cross
2%
John Ryan
2%
Tim Sherwood
2%
Vivian Busby
2%
No matching quizzes found
Score Distribution
Percent of People with Each Score
Percentile by Number Answered
Your Score History
You have not taken this quiz